Mistrzowie Świata w piłce nożnej - Sudden death - Statystyki

Ogólne statystyki
  • Ten quiz został rozwiązany 60 razy
  • Średni wynik to 6 z 7
Answers on the Grid
Answers color-coded by a green-red scale on the quiz's grid according to % correct below.
Anglia
Belgia
Holandia
Argentyna
Urugwaj
Brazylia
Polska
Francja
Australia
Japonia
Włochy
Niemcy
ZSRR
Szwecja
Stany Zjednoczone
Kolumbia
 
Statystyki odpowiedzi
Odpowiedź % Poprawnych
Brazylia
100%
Francja
100%
Niemcy
97%
Argentyna
93%
Anglia
86%
Urugwaj
86%
Włochy
86%
Nie znaleziono quizów pasujących do podanych kryteriów
Rozkład punktacji
Procent ludzi z każdym wynikiem
Percentyl według liczby udzielonych odpowiedzi
Twoja historia wyników
Nie rozwiązałeś tego quizu